[Event "41. Torneo de Ajedrez Villa de Mislata"]
[Site "Mislata ESP"]
[Date "2007.08.28"]
[Round "7.1"]
[White "Hernandez, Holden"]
[Black "Gongora Reyes, Maikel"]
[Result "1/2-1/2"]
[WhiteElo "2544"]
[BlackElo "2425"]
[PlyCount "92"]
[EventDate "2007.08.23"]
[EventType "swiss"]
[EventRounds "9"]
[EventCountry "ESP"]
[Source "lmi"]
[SourceDate "2007.08.23"]

1. d4 Nf6 2. c4 e6 3. Nf3 Bb4+ 4. Nbd2 b6 5. a3 Bxd2+ 6. Bxd2 Bb7 7. Bg5 h6 8.
Bh4 d6 9. e3 Nbd7 10. Bd3 Qe7 11. O-O g5 12. Bg3 Ne4 13. Bxe4 Bxe4 14. Nd2 Bb7
15. b4 O-O 16. c5 bxc5 17. dxc5 dxc5 18. bxc5 Nxc5 19. Qc2 Rfd8 20. Rfc1 Nd3
21. Rd1 Qc5 22. Qxc5 Nxc5 23. Bxc7 Rd7 24. Ba5 Ne4 25. Nc4 Rxd1+ 26. Rxd1 Rc8
27. Rd8+ Rxd8 28. Bxd8 Bd5 29. Ne5 f5 30. f3 Nd6 31. Bf6 a6 32. Nd7 Nc4 33. Nc5
Nxa3 34. Nxa6 Kf7 35. Bh8 Nc4 36. Kf2 g4 37. fxg4 fxg4 38. Nb4 Ba8 39. Bd4 e5
40. Ba7 Ke6 41. Na2 Kf5 42. Nc3 Bc6 43. h3 h5 44. Kg3 Nd2 45. hxg4+ hxg4 46.
Bc5 Ne4+ 1/2-1/2

[Event "41. Torneo de Ajedrez Villa de Mislata"]
[Site "Mislata ESP"]
[Date "2007.08.28"]
[Round "7.2"]
[White "Kovacevic, Slobodan"]
[Black "Abreu Delgado, Aryam"]
[Result "1/2-1/2"]
[WhiteElo "2364"]
[BlackElo "2364"]
[PlyCount "40"]
[EventDate "2007.08.23"]
[EventType "swiss"]
[EventRounds "9"]
[EventCountry "ESP"]
[Source "lmi"]
[SourceDate "2007.08.23"]

1. d4 d5 2. Bf4 c5 3. e3 cxd4 4. exd4 Nc6 5. c3 Bf5 6. Nf3 e6 7. Qb3 Qd7 8. Ne5
Nxe5 9. Bxe5 Ne7 10. Nd2 Nc6 11. Bg3 Be7 12. Nf3 O-O 13. Ne5 Nxe5 14. Bxe5 Bd6
15. Bb5 Qc7 16. Bxd6 Qxd6 17. O-O Rab8 18. a4 Qb6 19. Qa3 Rfc8 20. Rfe1 h6
1/2-1/2

[Event "41. Torneo de Ajedrez Villa de Mislata"]
[Site "Mislata ESP"]
[Date "2007.08.28"]
[Round "7.3"]
[White "Villa Izquierdo, Robert"]
[Black "Castellanos Rodriguez, Renier"]
[Result "0-1"]
[WhiteElo "2152"]
[BlackElo "2471"]
[PlyCount "80"]
[EventDate "2007.08.23"]
[EventType "swiss"]
[EventRounds "9"]
[EventCountry "ESP"]
[Source "lmi"]
[SourceDate "2007.08.23"]

1. e4 c5 2. Nc3 d6 3. f4 Nc6 4. Bb5 Bd7 5. Bxc6 Bxc6 6. d3 g6 7. Nf3 Bg7 8. O-O
Qc7 9. Qe1 Nh6 10. Bd2 f5 11. Nd1 O-O 12. h3 Rae8 13. e5 e6 14. Bc3 Nf7 15.
exd6 Bxc3 16. Nxc3 Qxd6 17. Ne5 Qd4+ 18. Kh1 Nxe5 19. Qxe5 Qxe5 20. fxe5 Rd8
21. Rae1 g5 22. Rf2 h5 23. Kh2 Kh7 24. a3 a5 25. Ref1 h4 26. g3 hxg3+ 27. Kxg3
Rh8 28. Rh2 Kg6 29. h4 Rd4 30. Ne2 Rg4+ 31. Kf2 Rhxh4 32. Rxh4 Rxh4 33. c3 Rh2+
34. Ke3 Rh3+ 35. Kd2 Bf3 36. Ng1 Rh2+ 37. Ke3 Bg4 38. b4 f4+ 39. Ke4 Bf5+ 40.
Kf3 Bxd3 0-1

[Event "41. Torneo de Ajedrez Villa de Mislata"]
[Site "Mislata ESP"]
[Date "2007.08.28"]
[Round "7.4"]
[White "Rodriguez Guerrero, Enrique"]
[Black "Garcia Roman, Daniel"]
[Result "1-0"]
[WhiteElo "2447"]
[BlackElo "2427"]
[PlyCount "115"]
[EventDate "2007.08.23"]
[EventType "swiss"]
[EventRounds "9"]
[EventCountry "ESP"]
[Source "lmi"]
[SourceDate "2007.08.23"]

1. e4 c6 2. d4 d5 3. Nc3 dxe4 4. Nxe4 Nd7 5. Ng5 Ngf6 6. Bd3 e6 7. N1f3 Bd6 8.
Qe2 h6 9. Ne4 Nxe4 10. Qxe4 Qc7 11. O-O c5 12. Re1 Nf6 13. Qh4 Bd7 14. dxc5
Bxc5 15. Ne5 Bd6 16. Nxd7 Qxd7 17. Be3 Ke7 18. Rad1 Qc7 19. Bd4 Rhd8 20. g3 Bc5
21. Bc3 Qb6 22. Rf1 Bd4 23. Bd2 Rd7 24. b3 Rad8 25. Rde1 Qc5 26. a4 a6 27. Re2
Bc3 28. Be3 Bd4 29. Rfe1 Bxe3 30. Rxe3 Rd4 31. Qh3 Kf8 32. Qg2 Qd5 33. Bf1
Qxg2+ 34. Bxg2 Nd5 35. Re4 Rxe4 36. Bxe4 b6 37. Rd1 Ke7 38. f4 a5 39. Rd2 Nc3
40. Rxd8 Kxd8 41. Bf3 Ke7 42. Kf2 Na2 43. Ke3 Nb4 44. c3 Na6 45. Kd4 Kd6 46.
Kc4 Nc7 47. b4 f6 48. h4 g5 49. hxg5 hxg5 50. fxg5 fxg5 51. Bg2 g4 52. Bb7 e5
53. Be4 axb4 54. cxb4 Ne6 55. a5 bxa5 56. bxa5 Kc7 57. Bd5 Nd4 58. Kc5 1-0

[Event "41. Torneo de Ajedrez Villa de Mislata"]
[Site "Mislata ESP"]
[Date "2007.08.28"]
[Round "7.5"]
[White "Mellado Triviño, Joan"]
[Black "Ipatov, Alexander"]
[Result "1/2-1/2"]
[WhiteElo "2389"]
[BlackElo "2298"]
[PlyCount "50"]
[EventDate "2007.08.23"]
[EventType "swiss"]
[EventRounds "9"]
[EventCountry "ESP"]
[Source "lmi"]
[SourceDate "2007.08.23"]

1. e4 c5 2. Nf3 d6 3. d4 cxd4 4. Qxd4 Nc6 5. Bb5 Bd7 6. Bxc6 Bxc6 7. Nc3 Nf6 8.
Bg5 e6 9. O-O-O Be7 10. Rhe1 O-O 11. Qd2 Qa5 12. Kb1 Rfd8 13. Nd4 Qc7 14. f4 h6
15. h4 Rac8 16. f5 e5 17. Bxf6 Bxf6 18. Nf3 d5 19. exd5 e4 20. Nxe4 Bxb2 21.
Kxb2 Bxd5 22. Nd4 Qb6+ 23. Ka1 Bxa2 24. c3 Rd5 25. Qxa2 Ra5 1/2-1/2

[Event "41. Torneo de Ajedrez Villa de Mislata"]
[Site "Mislata ESP"]
[Date "2007.08.28"]
[Round "7.6"]
[White "Serna Lara, Sergio"]
[Black "Cabrera Pino, Alexis"]
[Result "0-1"]
[WhiteElo "2270"]
[BlackElo "2514"]
[PlyCount "56"]
[EventDate "2007.08.23"]
[EventType "swiss"]
[EventRounds "9"]
[EventCountry "ESP"]
[Source "lmi"]
[SourceDate "2007.08.23"]

1. d4 f5 2. c4 Nf6 3. Nc3 d6 4. Bg5 Nbd7 5. Qc2 g6 6. e4 fxe4 7. Nxe4 Nxe4 8.
Qxe4 Bg7 9. Nf3 c5 10. O-O-O Nf6 11. Qe1 Bf5 12. Bd3 Qd7 13. Bxf5 Qxf5 14. Qe2
O-O 15. Be3 b5 16. dxc5 dxc5 17. Qc2 Qe6 18. Kb1 bxc4 19. Ng5 Qa6 20. Bxc5 Ng4
21. Rhe1 Rab8 22. Bd4 e5 23. Be3 Nxe3 24. Rxe3 e4 25. b3 Qf6 26. Qxc4+ Kh8 27.
Rd2 Qxg5 28. Qxe4 Rfc8 0-1

[Event "41. Torneo de Ajedrez Villa de Mislata"]
[Site "Mislata ESP"]
[Date "2007.08.28"]
[Round "7.7"]
[White "Asensio Liñan, Teodoro"]
[Black "Komljenovic, Davor"]
[Result "0-1"]
[WhiteElo "2276"]
[BlackElo "2487"]
[PlyCount "70"]
[EventDate "2007.08.23"]
[EventType "swiss"]
[EventRounds "9"]
[EventCountry "ESP"]
[Source "lmi"]
[SourceDate "2007.08.23"]

1. e4 c5 2. Nf3 e6 3. d3 Nc6 4. g3 Nge7 5. Bg2 g6 6. O-O Bg7 7. c3 d5 8. Nbd2
O-O 9. Re1 e5 10. exd5 Nxd5 11. Nc4 Re8 12. a4 h6 13. Qb3 Nc7 14. Be3 b6 15.
Nh4 Re6 16. f4 exf4 17. Bxf4 g5 18. Rxe6 Bxe6 19. Bxc6 Rc8 20. Ng2 Qxd3 21. Rd1
Bxc4 22. Rxd3 Bxb3 23. Bd7 gxf4 24. Bxc8 fxg3 25. Rd8+ Bf8 26. Rd7 gxh2+ 27.
Kxh2 Bxa4 28. Rd3 Be7 29. Ne3 Bg5 30. Nf5 Ne6 31. Bxe6 fxe6 32. Ne3 b5 33. Kg2
c4 34. Rd6 Bxe3 35. Rxe6 Bc1 0-1

[Event "41. Torneo de Ajedrez Villa de Mislata"]
[Site "Mislata ESP"]
[Date "2007.08.28"]
[Round "7.8"]
[White "Martinez Tormo, Jorge"]
[Black "Alonso Moyano, Jonathan"]
[Result "1/2-1/2"]
[WhiteElo "2203"]
[BlackElo "2372"]
[PlyCount "83"]
[EventDate "2007.08.23"]
[EventType "swiss"]
[EventRounds "9"]
[EventCountry "ESP"]
[Source "lmi"]
[SourceDate "2007.08.23"]

1. e4 c5 2. Nf3 d6 3. d4 cxd4 4. Nxd4 Nf6 5. Nc3 g6 6. Be3 Bg7 7. f3 Nc6 8. Bc4
O-O 9. Qd2 Nd7 10. O-O-O Nb6 11. Bb3 Na5 12. Qd3 Bd7 13. h4 Rc8 14. h5 Nbc4 15.
hxg6 fxg6 16. Bg5 Rf7 17. Kb1 Qe8 18. Rh4 b5 19. Rdh1 Rc5 20. f4 e5 21. fxe5
Bxe5 22. Nd5 Be6 23. Nxe6 Qxe6 24. Bc1 Nxb3 25. axb3 Nb6 26. Nxb6 axb6 27. Be3
Rc8 28. Qxb5 Bg3 29. R4h3 Qxe4 30. Qd3 Qxd3 31. cxd3 Bf2 32. Bxf2 Rxf2 33. Rxh7
Rcc2 34. Ka2 Rxb2+ 35. Ka3 Ra2+ 36. Kb4 Rf7 37. Rxf7 Kxf7 38. Rf1+ Ke6 39. g3
Ra5 40. Rf4 Rg5 41. g4 Re5 42. d4 1/2-1/2

[Event "41. Torneo de Ajedrez Villa de Mislata"]
[Site "Mislata ESP"]
[Date "2007.08.28"]
[Round "7.9"]
[White "Astasio Lopez, David"]
[Black "Camarena Gimenez, Rufino"]
[Result "1-0"]
[WhiteElo "2176"]
[BlackElo "2332"]
[PlyCount "125"]
[EventDate "2007.08.23"]
[EventType "swiss"]
[EventRounds "9"]
[EventCountry "ESP"]
[Source "lmi"]
[SourceDate "2007.08.23"]

1. d4 Nf6 2. Nf3 d5 3. Nbd2 c5 4. e3 cxd4 5. exd4 Nc6 6. c3 g6 7. Bd3 Bg7 8.
O-O O-O 9. Qe2 Nh5 10. Nb3 Qd6 11. Re1 Nf4 12. Bxf4 Qxf4 13. Ne5 Nxe5 14. dxe5
e6 15. Nd4 f6 16. exf6 Qxf6 17. Nf3 Bd7 18. Ne5 Qxe5 19. Qxe5 Bxe5 20. Rxe5 b5
21. Rae1 Rab8 22. g3 Rfc8 23. a3 a5 24. Ra1 Rc7 25. f4 Kf7 26. Ree1 b4 27. cxb4
axb4 28. a4 Ra7 29. Kf2 Rxa4 30. Rxa4 Bxa4 31. Ra1 Bd7 32. Ra7 Ke7 33. Ke3 Kd6
34. h4 Rb6 35. Kd4 Rb8 36. Ke3 Rg8 37. Rb7 h6 38. Rxb4 g5 39. fxg5 hxg5 40. h5
Ke5 41. h6 Kf6 42. Rb7 Be8 43. Rb8 e5 44. h7 Rh8 45. Bb5 d4+ 46. Kf2 Rxh7 47.
Bxe8 e4 48. Rb6+ Ke5 49. Rb5+ Kf6 50. Rb6+ Ke5 51. Rb5+ Kf6 52. Bc6 Rh2+ 53.
Kg1 Re2 54. Kf1 d3 55. Rd5 Rc2 56. Ba8 Rxb2 57. Rd4 d2 58. Ke2 Rb3 59. g4 e3
60. Bf3 Ra3 61. Rd3 d1=Q+ 62. Rxd1 Ke5 63. Rd3 1-0

[Event "41. Torneo de Ajedrez Villa de Mislata"]
[Site "Mislata ESP"]
[Date "2007.08.27"]
[Round "7.10"]
[White "Peña Riascos, Alexander"]
[Black "Monell Camarasa, David"]
[Result "1-0"]
[WhiteElo "2296"]
[BlackElo "2224"]
[PlyCount "84"]
[EventDate "2007.08.23"]
[EventType "swiss"]
[EventRounds "9"]
[EventCountry "ESP"]
[Source "lmi"]
[SourceDate "2007.08.23"]

1. d4 d5 2. c4 c6 3. Nc3 Nf6 4. Nf3 dxc4 5. a4 Bf5 6. e3 e6 7. Bxc4 Bb4 8. O-O
O-O 9. Qb3 Qe7 10. Bd2 a5 11. Rfe1 Nbd7 12. e4 Bg4 13. Nb1 c5 14. Bxb4 axb4 15.
Nbd2 Nb6 16. Bb5 cxd4 17. Nxd4 Rfd8 18. Qe3 Nc8 19. b3 Qc5 20. N2f3 Nd6 21.
Rac1 Qb6 22. Bd3 e5 23. Nxe5 Re8 24. f4 Rad8 25. Nb5 Qxe3+ 26. Rxe3 Bc8 27.
Nxd6 Rxd6 28. Bc4 Be6 29. h3 Nh5 30. Rf3 f6 31. Nd3 g5 32. fxg5 fxg5 33. Bxe6+
Rdxe6 34. e5 Ng7 35. Rc4 Rb6 36. Rf6 Ne6 37. Nxb4 Kg7 38. h4 h6 39. h5 Ra8 40.
Nd5 Rba6 41. Nc7 b5 42. Nxe6+ Rxe6 1-0

[Event "41. Torneo de Ajedrez Villa de Mislata"]
[Site "Mislata ESP"]
[Date "2007.08.28"]
[Round "7.11"]
[White "Plaza Pardo, Daniel"]
[Black "Torres Sanchez, Jose"]
[Result "1/2-1/2"]
[WhiteElo "2174"]
[BlackElo "2292"]
[PlyCount "126"]
[EventDate "2007.08.23"]
[EventType "swiss"]
[EventRounds "9"]
[EventCountry "ESP"]
[Source "lmi"]
[SourceDate "2007.08.23"]

1. e4 c5 2. c3 g6 3. Nf3 Bg7 4. Bc4 d6 5. d4 cxd4 6. Qb3 e6 7. cxd4 Ne7 8. Nc3
O-O 9. O-O Nbc6 10. Qd1 d5 11. exd5 exd5 12. Bb3 h6 13. h3 Qd6 14. Re1 Be6 15.
Ne2 g5 16. h4 f6 17. Be3 Rae8 18. Qd2 Qd7 19. Rac1 Nf5 20. Nc3 Kh8 21. hxg5
hxg5 22. Bc2 Bh6 23. a3 Re7 24. Qd3 Rg8 25. Nh2 Nh4 26. Qe2 Bf5 27. Bxf5 Nxf5
28. Qf3 g4 29. Qxd5 g3 30. Nf1 Nxe3 31. fxe3 Qg4 32. Qf3 Qh4 33. Nd5 Re6 34.
Rcd1 Ne7 35. Nf4 Rb6 36. Qe4 f5 37. Qe5+ Kh7 38. b4 Bg7 39. Qc7 Nd5 40. Nxd5
Rh6 41. Qxg3 Qh1+ 42. Kf2 Bxd4 43. Qc7+ Rg7 44. Ng3 Qh2 45. Rh1 Bxe3+ 46. Kxe3
Qxg3+ 47. Qxg3 Rxg3+ 48. Kf2 Rxa3 49. Nf6+ Kg6 50. Rxh6+ Kxh6 51. Rd7 b6 52.
Nd5 Kg5 53. Rg7+ Kh6 54. Rg3 Ra2+ 55. Ke3 a5 56. Kd4 axb4 57. Nxb4 Ra4 58. Kc4
Kh5 59. Kb5 Ra1 60. Kxb6 Rc1 61. Nd5 Rc2 62. Ne3 Rb2+ 63. Kc5 f4 1/2-1/2

[Event "41. Torneo de Ajedrez Villa de Mislata"]
[Site "Mislata ESP"]
[Date "2007.08.28"]
[Round "7.12"]
[White "Castella Garcia, Fausto"]
[Black "Hernandez Casillas, Juanjo"]
[Result "1-0"]
[WhiteElo "2381"]
[BlackElo "2169"]
[PlyCount "63"]
[EventDate "2007.08.23"]
[EventType "swiss"]
[EventRounds "9"]
[EventCountry "ESP"]
[Source "lmi"]
[SourceDate "2007.08.23"]

1. e4 c6 2. d4 d5 3. e5 Bf5 4. Nf3 e6 5. a3 Nd7 6. Be2 Ne7 7. O-O c5 8. dxc5
Nc6 9. b4 a5 10. b5 Ncxe5 11. Nxe5 Nxe5 12. Bb2 f6 13. Bd4 Be7 14. f4 Nd7 15.
c6 bxc6 16. bxc6 Nc5 17. c4 O-O 18. cxd5 exd5 19. Nc3 Ne4 20. Qa4 Bc5 21. Nxd5
Kh8 22. Bxc5 Qxd5 23. Bxf8 Rxf8 24. Qc4 Qd6 25. Rac1 Qxa3 26. Qd4 Qb4 27. Qxb4
axb4 28. Bd3 h5 29. c7 Rc8 30. Ba6 Nc3 31. Bxc8 Bxc8 32. Rxc3 1-0

[Event "41. Torneo de Ajedrez Villa de Mislata"]
[Site "Mislata ESP"]
[Date "2007.08.28"]
[Round "7.13"]
[White "Muñoz Orts, German"]
[Black "Berrocal Farina, Jorge"]
[Result "0-1"]
[WhiteElo "2165"]
[BlackElo "2353"]
[PlyCount "56"]
[EventDate "2007.08.23"]
[EventType "swiss"]
[EventRounds "9"]
[EventCountry "ESP"]
[Source "lmi"]
[SourceDate "2007.08.23"]

1. Nf3 Nf6 2. g3 g6 3. Bg2 Bg7 4. O-O c5 5. d3 d5 6. Nbd2 Nc6 7. e4 b6 8. Re1
e6 9. c3 Bb7 10. e5 Nd7 11. d4 Qe7 12. Nf1 h6 13. Ne3 O-O-O 14. c4 cxd4 15.
cxd5 dxe3 16. dxc6 exf2+ 17. Kxf2 Bxc6 18. Qe2 Nc5 19. Be3 Nd3+ 20. Kg1 Nxe1
21. Rxe1 Bb7 22. Rc1+ Kb8 23. Rc3 Rc8 24. Ra3 Rhd8 25. h3 Qd7 26. Kh2 Bf8 27.
Rb3 Qd1 28. Qb5 Rc2 0-1

[Event "41. Torneo de Ajedrez Villa de Mislata"]
[Site "Mislata ESP"]
[Date "2007.08.28"]
[Round "7.14"]
[White "Jordan Arenas, Manuel"]
[Black "Vega Gutierrez, Sabrina"]
[Result "0-1"]
[WhiteElo "2161"]
[BlackElo "2321"]
[PlyCount "58"]
[EventDate "2007.08.23"]
[EventType "swiss"]
[EventRounds "9"]
[EventCountry "ESP"]
[Source "lmi"]
[SourceDate "2007.08.23"]

1. e4 c5 2. Nf3 Nc6 3. g3 g6 4. Bg2 Bg7 5. O-O d6 6. c3 e5 7. d3 Nge7 8. a3 O-O
9. b4 b6 10. Nbd2 h6 11. Bb2 Bg4 12. h3 Be6 13. Rb1 Qd7 14. Kh2 f5 15. exf5
gxf5 16. b5 Na5 17. c4 Rad8 18. Qe2 Ng6 19. h4 f4 20. h5 Ne7 21. Nh4 Bf6 22.
Rg1 Bxh4 23. gxh4 Kh7 24. Ne4 Nf5 25. Qg4 Qf7 26. Ng5+ hxg5 27. hxg5 Kh8 28.
Qxf4 Qxh5+ 29. Bh3 Nd4 0-1

[Event "41. Torneo de Ajedrez Villa de Mislata"]
[Site "Mislata ESP"]
[Date "2007.08.28"]
[Round "7.15"]
[White "Sospedra Sebastian, Juan"]
[Black "Gomez Peco, Pablo"]
[Result "1-0"]
[WhiteElo "2303"]
[BlackElo "2166"]
[PlyCount "58"]
[EventDate "2007.08.23"]
[EventType "swiss"]
[EventRounds "9"]
[EventCountry "ESP"]
[Source "lmi"]
[SourceDate "2007.08.23"]

1. d4 c6 2. c4 d5 3. Nf3 Nf6 4. Nc3 a6 5. c5 Bf5 6. Qb3 Qc8 7. h3 h6 8. Bf4
Nbd7 9. e3 e6 10. Be2 Be7 11. O-O O-O 12. Rfc1 Bd8 13. Qd1 Bc7 14. Bxc7 Qxc7
15. b4 Ne4 16. a4 Nxc3 17. Rxc3 Rfb8 18. Bd3 Bxd3 19. Qxd3 e5 20. Qc2 e4 21.
Nd2 f5 22. Rb1 f4 23. Rcb3 fxe3 24. Rxe3 Rf8 25. Qb3 Kh8 26. f3 Qf4 27. Rf1
exf3 28. Nxf3 Rae8 29. Rfe1 Re4 1-0

[Event "41. Torneo de Ajedrez Villa de Mislata"]
[Site "Mislata ESP"]
[Date "2007.08.28"]
[Round "7.16"]
[White "Gomez Jurado, Luis Alberto"]
[Black "Arance Gonzalez, Luis"]
[Result "1-0"]
[WhiteElo "2301"]
[BlackElo "2123"]
[PlyCount "61"]
[EventDate "2007.08.23"]
[EventType "swiss"]
[EventRounds "9"]
[EventCountry "ESP"]
[Source "lmi"]
[SourceDate "2007.08.23"]

1. d4 d5 2. Nf3 Nf6 3. c4 c6 4. Nc3 a6 5. c5 g6 6. Bf4 Bg7 7. e3 Bg4 8. Qb3 Qc8
9. Ne5 Be6 10. Na4 Nbd7 11. Nxd7 Nxd7 12. Nb6 Nxb6 13. Qxb6 O-O 14. Be2 Rd8 15.
O-O f6 16. a4 Bf5 17. f3 e5 18. Bg3 Qe6 19. Rfe1 Rd7 20. Bf1 Qf7 21. b4 h6 22.
b5 axb5 23. axb5 Rxa1 24. Rxa1 cxb5 25. Bxb5 Re7 26. Ra8+ Kh7 27. Rb8 g5 28. h3
h5 29. Qd8 Bd7 30. Rxb7 h4 31. Bxd7 1-0

[Event "41. Torneo de Ajedrez Villa de Mislata"]
[Site "Mislata ESP"]
[Date "2007.08.28"]
[Round "7.17"]
[White "Buenafe Moya, Javier"]
[Black "Crecente Penalva, Jose Manuel"]
[Result "0-1"]
[WhiteElo "2264"]
[BlackElo "2140"]
[PlyCount "72"]
[EventDate "2007.08.23"]
[EventType "swiss"]
[EventRounds "9"]
[EventCountry "ESP"]
[Source "lmi"]
[SourceDate "2007.08.23"]

1. c4 Nf6 2. Nf3 b6 3. e3 c5 4. d4 cxd4 5. exd4 Bb7 6. d5 d6 7. Bg5 Nbd7 8. Qa4
g6 9. Bxf6 exf6 10. Nc3 Bg7 11. Qa3 Qe7+ 12. Be2 O-O 13. O-O a6 14. Rfd1 f5 15.
Rac1 Rac8 16. Bf1 Qf6 17. Qb4 Bh6 18. Rc2 Rc7 19. b3 Rfc8 20. Nd4 Bg7 21. f4 h5
22. Rcd2 Re8 23. g3 h4 24. Bg2 Re3 25. Kf2 Qe7 26. Nde2 Rc8 27. Na4 Re8 28. Ng1
Re1 29. Bf1 Qe3+ 30. Kg2 Rxd1 31. Rxd1 Bd4 32. Bd3 Qf2+ 33. Kh3 hxg3 34. Qd2
Qxd2 35. Rxd2 Bxg1 36. hxg3 Nc5 0-1

[Event "41. Torneo de Ajedrez Villa de Mislata"]
[Site "Mislata ESP"]
[Date "2007.08.28"]
[Round "7.18"]
[White "Megias Chafer, Alejandro"]
[Black "Sanchez Romero, Miguel Angel"]
[Result "0-1"]
[WhiteElo "2123"]
[BlackElo "2261"]
[PlyCount "82"]
[EventDate "2007.08.23"]
[EventType "swiss"]
[EventRounds "9"]
[EventCountry "ESP"]
[Source "lmi"]
[SourceDate "2007.08.23"]

1. e4 d6 2. d4 Nf6 3. f3 d5 4. e5 Nfd7 5. Bd3 c5 6. c3 Qb6 7. Ne2 e6 8. f4 Nc6
9. Bc2 cxd4 10. cxd4 Nb4 11. Bb3 Be7 12. O-O f5 13. exf6 Nxf6 14. Nbc3 O-O 15.
Kh1 Bd7 16. Ng3 Qa6 17. a3 Nd3 18. Bc2 Nxc1 19. Rxc1 g6 20. Qd2 Rf7 21. Bb3
Raf8 22. Rce1 Kg7 23. f5 gxf5 24. Nxf5+ exf5 25. Nxd5 Ne4 26. Qf4 Qd6 27. Qe3
Bg5 28. Nf4 Re7 29. d5 Bxf4 30. Rxf4 Nf2+ 31. Rxf2 Rxe3 32. Rxe3 Rc8 33. Rf1 f4
34. Ref3 Bg4 35. R3f2 Rf8 36. h3 Bh5 37. Ba2 Bg6 38. Re1 f3 39. Re6 fxg2+ 40.
Kxg2 Rxf2+ 41. Kxf2 Qh2+ 0-1

[Event "41. Torneo de Ajedrez Villa de Mislata"]
[Site "Mislata ESP"]
[Date "2007.08.28"]
[Round "7.19"]
[White "Pavia Miralles, Jose Manuel"]
[Black "Checa Martinez, Emilio"]
[Result "1-0"]
[WhiteElo "2258"]
[BlackElo "2069"]
[PlyCount "35"]
[EventDate "2007.08.23"]
[EventType "swiss"]
[EventRounds "9"]
[EventCountry "ESP"]
[Source "lmi"]
[SourceDate "2007.08.23"]

1. c4 d5 2. cxd5 Nf6 3. Nf3 Qxd5 4. Nc3 Qa5 5. g3 c6 6. Bg2 g6 7. O-O Bg4 8.
Rb1 Nbd7 9. h3 Bxf3 10. Bxf3 h5 11. b4 Qc7 12. b5 Ne5 13. Bg2 Bg7 14. d4 Ned7
15. bxc6 bxc6 16. Qa4 Rc8 17. Bf4 Nb6 18. Bxc7 1-0

[Event "41. Torneo de Ajedrez Villa de Mislata"]
[Site "Mislata ESP"]
[Date "2007.08.28"]
[Round "7.20"]
[White "Sancho Ferrer, Juan Vicente"]
[Black "Garcia Ramos, Javier"]
[Result "0-1"]
[WhiteElo "1951"]
[BlackElo "2242"]
[PlyCount "54"]
[EventDate "2007.08.23"]
[EventType "swiss"]
[EventRounds "9"]
[EventCountry "ESP"]
[Source "lmi"]
[SourceDate "2007.08.23"]

1. f4 d5 2. Nf3 Nc6 3. g3 Bg4 4. Bg2 Qd7 5. h3 Bxf3 6. Bxf3 e5 7. d3 Nf6 8. Nc3
Bb4 9. a3 Ba5 10. b4 Bb6 11. Bd2 a6 12. e4 dxe4 13. Nxe4 Nxe4 14. Bxe4 exf4 15.
Bxf4 O-O 16. c3 Rad8 17. Qf3 Qe6 18. g4 Rfe8 19. Rh2 Qb3 20. Rc1 Qxa3 21. Rcc2
Qb3 22. Kf1 Qe6 23. Rhe2 g6 24. d4 Qc4 25. Rc1 Nxd4 26. cxd4 Qxd4 27. Bg5 Qg1#
0-1

[Event "41. Torneo de Ajedrez Villa de Mislata"]
[Site "Mislata ESP"]
[Date "2007.08.29"]
[Round "8.1"]
[White "Castellanos Rodriguez, Renier"]
[Black "Hernandez, Holden"]
[Result "0-1"]
[WhiteElo "2471"]
[BlackElo "2544"]
[PlyCount "122"]
[EventDate "2007.08.23"]
[EventType "swiss"]
[EventRounds "9"]
[EventCountry "ESP"]
[Source "lmi"]
[SourceDate "2007.08.23"]

1. e4 c5 2. Nf3 Nc6 3. Bb5 d6 4. Bxc6+ bxc6 5. O-O Bg4 6. c3 Nf6 7. h3 Bh5 8.
Qe2 e5 9. Rd1 Be7 10. d3 Nd7 11. Nbd2 O-O 12. Nf1 Re8 13. Ng3 Bg6 14. Be3 d5
15. c4 Qc7 16. Qc2 dxe4 17. dxe4 Nf8 18. Qc3 f6 19. Nh4 Ne6 20. Nxg6 hxg6 21.
Qc2 Rf8 22. Rd2 Nd4 23. Bxd4 cxd4 24. c5 Qd7 25. Qc4+ Kh7 26. Rd3 Rfb8 27. h4
Bf8 28. h5 g5 29. Rf3 Rb5 30. h6 Rxc5 31. Qe2 g6 32. Rxf6 Bxh6 33. Qf3 Kg7 34.
Qa3 Kxf6 35. Qxc5 g4 36. Rd1 Bf8 37. Qc2 c5 38. Nf1 Rc8 39. Ne3 Bh6 40. Nd5+
Kg7 41. b3 g3 42. Rf1 Qg4 43. Qd3 Bf4 44. fxg3 Bxg3 45. Rf3 Bh4 46. Qa6 Rh8 47.
Qb7+ Kh6 48. Rh3 Rf8 49. Qa6 Rf2 50. Rxh4+ Qxh4 51. Qc8 Kg7 52. Qc7+ Rf7 53.
Qxe5+ Kh7 54. Qe6 Qe1+ 55. Kh2 Qh4+ 56. Kg1 Qf2+ 57. Kh2 d3 58. Qh3+ Kg8 59.
Qe6 Qh4+ 60. Kg1 d2 61. Qe8+ Kg7 0-1

[Event "41. Torneo de Ajedrez Villa de Mislata"]
[Site "Mislata ESP"]
[Date "2007.08.29"]
[Round "8.2"]
[White "Gongora Reyes, Maikel"]
[Black "Rodriguez Guerrero, Enrique"]
[Result "0-1"]
[WhiteElo "2425"]
[BlackElo "2447"]
[PlyCount "78"]
[EventDate "2007.08.23"]
[EventType "swiss"]
[EventRounds "9"]
[EventCountry "ESP"]
[Source "lmi"]
[SourceDate "2007.08.23"]

1. e4 c5 2. Nf3 e6 3. Nc3 Nc6 4. Bb5 Nd4 5. Bc4 a6 6. Nxd4 cxd4 7. Ne2 b5 8.
Bb3 Bb7 9. d3 Bc5 10. O-O Ne7 11. Ng3 O-O 12. Qh5 Rc8 13. f4 g6 14. Qe2 f5 15.
Kh1 Nc6 16. Bd2 Rf7 17. Qe1 b4 18. Ne2 Qb6 19. Ng1 Na5 20. Ba4 fxe4 21. dxe4
Nc4 22. Nf3 Rcf8 23. f5 Nxd2 24. Nxd2 gxf5 25. Qh4 Rg7 26. Rae1 Kh8 27. Rf3 Be7
28. Qh5 Bg5 29. Nf1 Qd8 30. Ng3 Rf6 31. exf5 Bxf3 32. Qxf3 Bh4 33. Qf4 Bxg3 34.
hxg3 Rxf5 35. Qxd4 Qg5 36. Qd3 Rgf7 37. Re4 Rd5 38. Qe3 Rd1+ 39. Kh2 Rff1 0-1

[Event "41. Torneo de Ajedrez Villa de Mislata"]
[Site "Mislata ESP"]
[Date "2007.08.29"]
[Round "8.3"]
[White "Abreu Delgado, Aryam"]
[Black "Cabrera Pino, Alexis"]
[Result "1-0"]
[WhiteElo "2486"]
[BlackElo "2514"]
[PlyCount "95"]
[EventDate "2007.08.23"]
[EventType "swiss"]
[EventRounds "9"]
[EventCountry "ESP"]
[Source "lmi"]
[SourceDate "2007.08.23"]

1. e4 e5 2. Nf3 Nc6 3. Bb5 a6 4. Ba4 Nf6 5. O-O Bc5 6. c3 b5 7. Bc2 d5 8. a4 b4
9. d4 dxe4 10. Nxe5 Nxe5 11. dxc5 Qe7 12. Nd2 e3 13. fxe3 Bb7 14. cxb4 O-O-O
15. Qe2 Nd5 16. Nc4 Nxc4 17. Qxc4 Nxe3 18. Bxe3 Qxe3+ 19. Rf2 Rd4 20. Qc3 Qxc3
21. bxc3 Rc4 22. Rc1 f6 23. Bd3 Rh4 24. c6 Bxc6 25. Bxa6+ Kb8 26. a5 Rd8 27.
Bf1 Re4 28. b5 Be8 29. c4 Red4 30. a6 Rd1 31. Rxd1 Rxd1 32. Rb2 Rc1 33. Kf2 Bf7
34. Rb4 Bg6 35. Be2 Be4 36. Bf3 Rc2+ 37. Ke3 Bxf3 38. Kxf3 f5 39. b6 Ra2 40.
bxc7+ Kxc7 41. Rb7+ Kd6 42. Rxg7 Rxa6 43. Kf4 Ra2 44. Kxf5 Kc5 45. h4 h5 46. g3
Ra3 47. Kf4 Kxc4 48. Rg5 1-0